000
00320nam a22001337a 4500
008
181205b xxu||||| |||| 00| 0 eng d
020
_a
081510460
041
_a
eng
080
_a
611
100
_a
6
101
_a
ANA
245
_a
Diagnostic Operative Hysterocopy A text And Atlas
_c
Valle.R.E
942
_2
udc
_c
BK
999
_c
52905
_d
52905